书目信息 |
| 题名: |
轮窑砖瓦烧火实用技术
|
|
| 作者: | 何水清 编著 | |
| 分册: | ||
| 出版信息: | 北京 中国建材工业出版社 2006.06 |
|
| 页数: | 454页 | |
| 开本: | 20cm | |
| 丛书名: | ||
| 单 册: | ||
| 中图分类: | TU522.064 | |
| 科图分类: | ||
| 主题词: | 轮窑--lun yao--焙烧--砖--技术 , 轮窑--lun yao--焙烧--瓦--技术 | |
| 电子资源: | ||
| ISBN: | 7-80227-088-X | |
| 000 | 00846nam0 2200241 450 | |
| 001 | 012008543062 | |
| 005 | 20080414110836.96 | |
| 010 | @a7-80227-088-X@dCNY25.00 | |
| 100 | @a20080414d2006 em y0chiy0120 ea | |
| 101 | 0 | @achi |
| 102 | @aCN@b110000 | |
| 105 | @aa z 000yy | |
| 106 | @ar | |
| 200 | 1 | @a轮窑砖瓦烧火实用技术@Alun yao zhuan wa shao huo shi yong ji shu@f何水清编著@Fhe shui qing bian zhu |
| 210 | @a北京@c中国建材工业出版社@d2006.06 | |
| 215 | @a454页@c图@d20cm | |
| 330 | @a本书中详细地介绍了在使用轮窑烧制砖瓦时,看火工对于不同的原料、砖瓦类型和出现的问题进行分析,并以实例来说明应如何处理。 | |
| 606 | 0 | @a轮窑@Alun yao@x焙烧@x砖@x技术 |
| 606 | 0 | @a轮窑@Alun yao@x焙烧@x瓦@x技术 |
| 690 | @aTU522.064@v4 | |
| 701 | 0 | @a何水清@Ahe shui qing@4编著 |
| 801 | 0 | @aCN@bQSSK@c20080414 |
| 905 | @b292493-95@dTU522.064@eH205@f3 | |
| 轮窑砖瓦烧火实用技术/何水清编著.-北京:中国建材工业出版社,2006.06 |
| 454页:图;20cm |
| ISBN 7-80227-088-X:CNY25.00 |
| 本书中详细地介绍了在使用轮窑烧制砖瓦时,看火工对于不同的原料、砖瓦类型和出现的问题进行分析,并以实例来说明应如何处理。 |
| ● |
| 相关链接 |
|
|
|
正题名:轮窑砖瓦烧火实用技术
索取号:TU522.064/H205
 
预约/预借
| 序号 | 登录号 | 条形码 | 馆藏地/架位号 | 状态 | 备注 |
| 1 | 292493 | 202924933 | 建筑库201/201建筑库 7排1列2层/ [索取号:TU522.064/H205] | 在馆 | |
| 2 | 292494 | 202924942 | 建筑库201/201建筑库 7排1列2层/ [索取号:TU522.064/H205] | 在馆 | |
| 3 | 292495 | 202924951 | 建筑库201/201建筑库 7排1列2层/ [索取号:TU522.064/H205] | 在馆 |